Najwyżej oceniani piłkarze Premier League - Statystyki

Ogólne statystyki
  • Ten quiz został rozwiązany 48 razy
  • Średni wynik to 6 z 15
Statystyki odpowiedzi
Overall Piłkarz % Poprawnych
91 ovr Erling Haaland
83%
89 ovr Mohamed Salah
73%
89 ovr Virgil Van Dijk
66%
91 ovr Rodri
59%
89 ovr Alisson
56%
88 ovr Ederson
51%
88 ovr Phil Foden
51%
90 ovr Kevin De Bruyne
49%
87 ovr William Saliba
44%
88 ovr Bernardo Silva
37%
88 ovr Ruben Dias
32%
89 ovr Martin Odegaard
22%
87 ovr Emiliano Martinez
15%
86 ovr Alexis Mac Allister
10%
87 ovr Ikay Gundogan
2%
Nie znaleziono quizów pasujących do podanych kryteriów
Rozkład punktacji
Procent ludzi z każdym wynikiem
Percentyl według liczby udzielonych odpowiedzi
Twoja historia wyników
Nie rozwiązałeś tego quizu